01721cam a2200313K 450000100060000000300080000600500170001400800410003103500240007203500170009604000290011304100080014208200240015010000610017424501680023526000600040330000190046350501990048250600540068165000390073565000570077470000300083177601550086185600920101694200120110899900170112095201350113795201350127250594BD-RjUL20211209075532.0160828r19511916enk o 001 0 eng d a(OCoLC)ocn609514547 aBD-RjUL50714 aOCLCEbengcOCLCEdOCLCQ aeng 223 a425bSON 1951 1 aSonnenschein, E. A.q(Edward Adolf),d1851-1929.915150612aA new English grammar :bbased on the recommendations of the Joint Committee on Grammatical Terminology /cby E.A. Sonnenschein. With exercises by Edith Archibald. aOxford :bClarendon Press, c1916 [printing 1917-1952]  aV. ; c21 cm. 0 apt. I. Parts of speech and outlines of analysis.--pt. II. Kinds of pronouns, adjectives, and adverbs. Forms and their chief meanings.--pt. III. Structure of sentences and clauses. Uses of forms. 3Use copyfRestrictions unspecified2star5MiAaHDL 0aEnglish languagexGrammar.9151507 0aEnglish languagexComposition and exercises.91329811 aArchibald, Edith.915150808iPrint version:aSonnenschein, E. A. (Edward Adolf), 1851-1929.tNew English grammar.dOxford, Clarendon Press [1916]w(DLC) 17005440w(OCoLC)4526942403HathiTrust Digital Libraryuhttp://catalog.hathitrust.org/api/volumes/oclc/4526942.html 2ddccBK c50594d50594 00102ddc40708NFICaRUCLbRUCLcStackd1955-02-26eO.U.P.g3.60l0o425 SON Pt-2 1951r2016-08-28 00:00:00tC-2w2016-08-28yBK 00102ddc40708NFICaRUCLbRUCLcStackd1955-02-26eO.U.P.g3.60l0o425 SON Pt-1 1952r2016-08-28 00:00:00tC-2w2016-08-28yBK